History Quiz

Random History or Art Quiz
Score 0/26 Timer 10:00
30 Plays Today
% Correct
The Stone Age
94.8%
The Great Pyramid of Giza
92.4%
The Black Death
90.3%
French Revolution
86.7%
Blacksmith
86.4%
1914
84.1%
Jousting
84.1%
Egyptian Empire
84%
Steam Engine
79.3%
Hunnic Empire
79.1%
1492
78.9%
Suez Canal
76.9%
Alchemy
76.2%
% Correct
The Acropolis of Athens
75.8%
Leif Eiriksson
73.7%
The Roman Senate
73.6%
Monastery
69.6%
Johannes Gutenberg
67.1%
Siege of Jerusalem
59.7%
The 95 Theses
59.3%
Thirty Years' War & Eighty Years' War
58%
Dutch East India Company
54.3%
Charlemagne
52.6%
Roman Forum
50.3%
Johann Wolfgang von Goethe
34.9%
Rococo
25.9%
Remove Ads.
Support Sporcle.
Get the best of Sporcle when you Go Orange. This ad-free experience offers more features, more stats, and more fun while also helping to support Sporcle. Thank you for becoming a member.

You're not logged in!

Compare scores with friends on all Sporcle quizzes.
OR
Log In

Show Comments

Extras

Top Quizzes Today


Score Distribution

Your Account Isn't Verified!

In order to create a playlist on Sporcle, you need to verify the email address you used during registration. Go to your Sporcle Settings to finish the process.

Report this User

Report this user for behavior that violates our Community Guidelines.

Details: